[Event "Reykjavik Open 2025"]
[Site "Reykjavik"]
[Date "2025.04.13"]
[Round "6.103"]
[White "Liu, Meng"]
[Black "Skjoldebrand, Martin"]
[Result "1-0"]
[WhiteElo "2079"]
[WhiteFideId "8620644"]
[BlackElo "1856"]
[BlackFideId "1711911"]
[Variant "Standard"]
[StudyName "ROpen 2025 - Rd6 - Boards 45-108"]
1. d4 d5 2. Nf3 Nf6 3. c4 e6 4. g3 c6 5. Nbd2 Nbd7 6. Bg2 Bd6 7. O-O O-O 8. Qc2 Re8 9. Rd1 Qe7 10. e4 Nxe4 11. Nxe4 dxe4 12. Qxe4 e5 13. dxe5 Nxe5 14. Ng5 f5 15. Qc2 Bc5 16. h3 h6 17. Nf3 Nxf3+ 18. Bxf3 Be6 19. Kg2 Rad8 20. Bf4 Bd4 21. Re1 Qc5 22. Rac1 a5 23. b3 Bf7 24. Rxe8+ Rxe8 25. h4 Be6 26. Qd2 Rd8 27. Rd1 Rd7 28. Qe2 Re7 29. Re1 Bc3 30. Bd2 Bd4 31. Qf1 Kf8 32. Bf4 Kg8 33. Rd1 Rd7 34. Qe2 Kf7 35. Bh5+ Kf6 36. Re1 Re7 37. Qd2 g6 38. Bg5+ 1-0

[Event "Reykjavik Open 2025"]
[Site "Reykjavik"]
[Date "2025.04.13"]
[Round "6.104"]
[White "Patel, Zain"]
[Black "Bjarnason, Kristinn"]
[Result "1-0"]
[WhiteElo "2079"]
[WhiteFideId "469246"]
[BlackElo "1849"]
[BlackFideId "2323028"]
[Variant "Standard"]
[StudyName "ROpen 2025 - Rd6 - Boards 45-108"]
1. Nf3 d5 2. d4 Nf6 3. e3 c6 4. c4 e6 5. Nc3 Bd6 6. Bd3 Nbd7 7. O-O O-O 8. b3 Re8 9. Bb2 e5 10. dxe5 Nxe5 11. Nxe5 Bxe5 12. h3 Be6 13. cxd5 Nxd5 14. Bxh7+ Kxh7 15. Qh5+ Kg8 16. Qxe5 Qf6 17. Qxf6 Nxf6 18. Rfd1 Rad8 19. Ne2 Ne4 20. Rd4 Rxd4 21. Nxd4 Bc8 22. a4 Rd8 23. b4 Kf8 24. a5 g6 25. f3 Ng5 26. Rd1 Ke8 27. a6 bxa6 28. Rc1 Bb7 29. Nxc6 Bxc6 30. Rxc6 Rd1+ 31. Kh2 Rd2 32. Bf6 Ne6 33. Rxa6 1-0

[Event "Reykjavik Open 2025"]
[Site "Reykjavik"]
[Date "2025.04.13"]
[Round "6.105"]
[White "Carr, Jay"]
[Black "Omarsson, Adam"]
[Result "0-1"]
[WhiteElo "1843"]
[WhiteFideId "30922690"]
[BlackElo "2072"]
[BlackFideId "2311453"]
[Variant "Standard"]
[StudyName "ROpen 2025 - Rd6 - Boards 45-108"]
1. Nf3 Nf6 2. b3 g6 3. Bb2 Bg7 4. e3 O-O 5. d4 d6 6. Be2 c5 7. O-O cxd4 8. Nxd4 Nc6 9. c4 Nxd4 10. exd4 Bf5 11. Bf3 Qd7 12. Re1 Rac8 13. Qe2 b5 14. Na3 bxc4 15. Nxc4 Rfe8 16. Rac1 Qb5 17. Qd2 Bg4 18. Bxg4 Nxg4 19. Qf4 h5 20. Qf3 Bh6 21. Ne3 Nxe3 22. fxe3 Qd3 23. Rxc8 Rxc8 24. d5 Rc2 25. Bd4 Rxa2 26. Rf1 f5 27. Qg3 Kf7 28. Qh3 Re2 29. Rf3 Re1+ 30. Kf2 Rf1+ 31. Kg3 Rxf3+ 32. Kxf3 Qxb3 33. Bxa7 Qxd5+ 0-1

[Event "Reykjavik Open 2025"]
[Site "Reykjavik"]
[Date "2025.04.13"]
[Round "6.106"]
[White "Monteverde, Jonathan"]
[Black "Haraldsson, Leif"]
[Result "1-0"]
[WhiteElo "2067"]
[WhiteFideId "1314580"]
[BlackElo "1844"]
[BlackFideId "1710648"]
[Variant "Standard"]
[StudyName "ROpen 2025 - Rd6 - Boards 45-108"]
1. d4 d6 2. Nf3 g6 3. c4 Bg7 4. Nc3 c6 5. e4 Nd7 6. Be2 Qc7 7. O-O e5 8. Be3 Ngf6 9. Ne1 O-O 10. d5 Ne8 11. Nd3 f5 12. f3 f4 13. Bf2 c5 14. a3 Ndf6 15. b4 b6 16. Nb5 Qe7 17. Rc1 Nd7 18. Qd2 g5 19. Rc2 Rf6 20. Rb1 Rg6 21. bxc5 dxc5 22. d6 Nxd6 23. Nxf4 gxf4 24. Qd5+ Kh8 25. Qxa8 Qf8 26. Rd2 Nxb5 27. cxb5 Bh6 28. Rbd1 Rg7 29. Bc4 1-0

[Event "Reykjavik Open 2025"]
[Site "Reykjavik"]
[Date "2025.04.13"]
[Round "6.107"]
[White "Yu, Tianxiang Carlos"]
[Black "Thorisson, Benedikt"]
[Result "1-0"]
[WhiteElo "1843"]
[WhiteFideId "39922723"]
[BlackElo "2065"]
[BlackFideId "2314576"]
[Variant "Standard"]
[StudyName "ROpen 2025 - Rd6 - Boards 45-108"]
1. e4 c5 2. Nf3 e6 3. c3 d5 4. e5 Nc6 5. d4 Qb6 6. a3 c4 7. Be2 Nge7 8. Nbd2 Na5 9. h4 Bd7 10. h5 h6 11. Rb1 Rc8 12. Nf1 Nb3 13. Bf4 Ba4 14. N3d2 Qb5 15. Nxb3 Bxb3 16. Qd2 Rc6 17. Ne3 Rb6 18. Ra1 Ba4 19. b4 Qd7 20. O-O Nf5 21. g4 Nxe3 22. Bxe3 Be7 23. Kh2 Rf8 24. f4 f5 25. gxf5 exf5 26. Rg1 Rg8 27. Rg3 Qe6 28. Bf3 Qf7 29. Qg2 Bc6 30. Rg1 g5 31. hxg6 Qe6 32. g7 Kd8 33. Rg6 Qf7 34. e6 Qe8 35. Rxh6 Kc7 36. Bh5 1-0

[Event "Reykjavik Open 2025"]
[Site "Reykjavik"]
[Date "2025.04.13"]
[Round "6.108"]
[White "Verbitsky, Jaroslaw"]
[Black "Fernandez, Kenneth"]
[Result "0-1"]
[WhiteElo "2065"]
[WhiteFideId "16214170"]
[BlackElo "1842"]
[BlackFideId "30903750"]
[Variant "Standard"]
[StudyName "ROpen 2025 - Rd6 - Boards 45-108"]
1. e4 e6 2. d4 d5 3. exd5 exd5 4. Nf3 Bg4 5. h3 Bh5 6. Qe2+ Qe7 7. Be3 Nc6 8. Nc3 O-O-O 9. g4 Bg6 10. O-O-O f6 11. a3 Qd7 12. Nd2 Na5 13. b4 Nc6 14. Nb3 h5 15. Bg2 Bf7 16. Bf4 hxg4 17. hxg4 Rxh1 18. Bxh1 Re8 19. Qb5 Qxg4 20. Be3 a6 21. Qa4 Qd7 22. Nc5 Bxc5 23. dxc5 Nge7 24. b5 axb5 25. Nxb5 Nb8 26. Qb3 Nbc6 27. c4 Bh5 28. Qa4 Nb8 29. Qa8 Nc6 30. Rxd5 Qg4 31. Na7+ Nxa7 32. Rxh5 Qxh5 33. Bxb7+ Kd7 34. Qxa7 Qe2 35. Qa4+ Ke7 36. Qb4 c6 37. Bxc6 Nxc6 38. Qb7+ Kf8 39. Qxc6 Qxc4+ 40. Kd2 Rd8+ 41. Ke1 Qd3 42. Qa4 Rb8 0-1

[Event "Reykjavik Open 2025"]
[Site "Reykjavik"]
[Date "2025.04.13"]
[Round "6.109"]
[White "Hellerud, Lauritz Nissen"]
[Black "Brackmann, Hendrik"]
[Result "0-1"]
[WhiteElo "1821"]
[WhiteFideId "1570528"]
[BlackElo "2040"]
[BlackFideId "12905135"]
[Variant "Standard"]
[StudyName "ROpen 2025 - Rd6 - Boards 109-172"]
1. c4 c5 2. Nc3 Nf6 3. g3 d5 4. cxd5 Nxd5 5. Bg2 Nc7 6. e3 e5 7. Nge2 Be7 8. O-O O-O 9. f4 Nd7 10. fxe5 Nxe5 11. d4 Ng4 12. h3 Nf6 13. d5 Bd6 14. e4 Nd7 15. Bf4 Ne5 16. Nc1 Bd7 17. Nd3 f6 18. Nxe5 fxe5 19. Be3 Rxf1+ 20. Qxf1 b5 21. a4 a6 22. b3 Rb8 23. Qd3 Qe7 24. Kh2 bxa4 25. Nxa4 Nb5 26. Nb2 Nd4 27. Bxd4 cxd4 28. Qxa6 Rxb3 29. Nc4 Bb8 30. Rf1 Qc5 31. Nd2 Rb2 32. Nf3 Qc2 33. Nh4 Qa4 34. Qxa4 Bxa4 35. Kg1 d3 36. Ra1 Rxg2+ 37. Nxg2 d2 38. Ne3 Ba7 39. d6 Bxe3+ 40. Kf1 d1=Q+ 41. Rxd1 Bxd1 42. d7 Bb6 0-1

[Event "Reykjavik Open 2025"]
[Site "Reykjavik"]
[Date "2025.04.13"]
[Round "6.110"]
[White "Chaney, Ari"]
[Black "Divry, Alexandre"]
[Result "0-1"]
[WhiteElo "1798"]
[WhiteFideId "30970172"]
[BlackElo "2036"]
[BlackFideId "16286006"]
[Variant "Standard"]
[StudyName "ROpen 2025 - Rd6 - Boards 109-172"]
1. e4 c6 2. d4 d5 3. Nd2 dxe4 4. Nxe4 Nf6 5. Nxf6+ exf6 6. Nf3 Bd6 7. Bd3 O-O 8. O-O Bg4 9. Re1 Nd7 10. a3 Re8 11. Rxe8+ Qxe8 12. Bd2 Nf8 13. h3 Bh5 14. g3 Qe6 15. Kg2 Qd5 16. c4 Bxf3+ 17. Qxf3 Qxd4 18. Bc3 Qb6 19. b4 Qc7 20. Re1 Be5 21. Bc2 a5 22. Qe3 axb4 23. Bxb4 Ne6 24. f4 Bd6 25. Qd3 Bxb4 26. Qxh7+ Kf8 27. Qh8+ Ke7 28. Rxe6+ fxe6 29. Qxa8 Bc3 30. Bg6 Qd7 31. h4 Kd6 32. Qa7 Kc7 33. Qe3 Bb2 34. a4 Bd4 35. Qd3 e5 36. Bf5 Qd6 37. fxe5 Qxe5 38. g4 Qc5 39. h5 Qb6 40. Qc2 Qb4 41. Kf1 Qa3 42. Kg2 Qe3 43. Be4 Qg1+ 44. Kh3 Be5 45. Qg2 Qe3+ 46. Bf3 Qf4 47. Be2 Kd6 48. Kh4 Kc5 49. Qg1+ Bd4 50. Qg2 Bf2+ 51. Kh3 Be3 52. Qf1 Bf2 53. Qg2 Bd4 54. Qf1 Qd2 55. Qf3 Be5 56. Qa3+ Kd4 57. Qf3 Qe1 58. Qd3+ Kc5 59. Qa3+ Kb6 60. Qe3+ Kc7 61. Qf3 Qg1 62. Qg2 Qa1 63. Kh4 Qxa4 64. Qf3 Qb4 0-1

[Event "Reykjavik Open 2025"]
[Site "Reykjavik"]
[Date "2025.04.13"]
[Round "6.111"]
[White "Kingsley, Elias"]
[Black "Mize, Dylan"]
[Result "1/2-1/2"]
[WhiteElo "2033"]
[WhiteFideId "1775006"]
[BlackElo "1826"]
[BlackFideId "30932599"]
[Variant "Standard"]
[StudyName "ROpen 2025 - Rd6 - Boards 109-172"]
1. Nf3 Nf6 2. d4 e6 3. Bg5 h6 4. Bxf6 Qxf6 5. e4 d6 6. Bd3 Nd7 7. O-O g6 8. Re1 e5 9. c3 Bg7 10. Nbd2 O-O 11. Nc4 Qe7 12. Qc2 a5 13. Ne3 c6 14. Rad1 a4 15. Nc4 b5 16. Ne3 Rb8 17. dxe5 dxe5 18. c4 Nc5 19. cxb5 Nxd3 20. Rxd3 Rxb5 21. Qxc6 Rxb2 22. Qxa4 Rb4 23. Qa3 Qb7 24. Nd5 Rb1 25. Rdd1 Rxd1 26. Rxd1 Bg4 27. h3 Be6 28. Qd6 Qb2 29. Qa6 g5 30. Re1 Rb8 31. a4 Qa3 32. Qa7 Rb2 33. Ne7+ Kh7 34. Nf5 Bf6 35. Qa5 Qa2 36. Qa7 Rb1 37. Qa5 Bxf5 38. exf5 e4 39. Nh2 Bd8 40. Qc3 Bf6 41. Qa5 Bd8 42. Qc3 Bf6 43. Qa5 1/2-1/2

[Event "Reykjavik Open 2025"]
[Site "Reykjavik"]
[Date "2025.04.13"]
[Round "6.112"]
[White "Grettisson, Arnar Breki"]
[Black "Pisan, Kai"]
[Result "0-1"]
[WhiteElo "1794"]
[WhiteFideId "2322790"]
[BlackElo "2020"]
[BlackFideId "39904881"]
[Variant "Standard"]
[StudyName "ROpen 2025 - Rd6 - Boards 109-172"]
1. e4 c5 2. Nf3 d6 3. d4 cxd4 4. Nxd4 Nf6 5. Nc3 a6 6. Bg5 e6 7. f4 Be7 8. Qe2 h6 9. Bh4 Nxe4 10. Qxe4 Bxh4+ 11. g3 Bf6 12. O-O-O O-O 13. Bd3 g6 14. h4 d5 15. Qe3 Nc6 16. Nxc6 bxc6 17. h5 d4 18. Qe4 dxc3 19. hxg6 Qb6 20. gxf7+ Rxf7 21. Qg6+ Kf8 22. b3 Qe3+ 23. Kb1 Qc5 24. f5 Qa3 25. Qxh6+ Kg8 26. Qc1 Qxc1+ 27. Rxc1 Re7 28. fxe6 Bxe6 29. Rcf1 Bd5 30. Rh6 Rae8 31. Rg6+ Bg7 32. a4 Re1+ 33. Rxe1 Rxe1+ 34. Ka2 a5 35. Bc4 Bxc4 36. bxc4 Rc1 37. Rxc6 Rxc2+ 38. Kb1 Rh2 0-1

[Event "Reykjavik Open 2025"]
[Site "Reykjavik"]
[Date "2025.04.13"]
[Round "6.113"]
[White "Boissonnier, Kimo"]
[Black "Dale, Svein"]
[Result "1-0"]
[WhiteElo "2019"]
[WhiteFideId "611026"]
[BlackElo "1821"]
[BlackFideId "1523120"]
[Variant "Standard"]
[StudyName "ROpen 2025 - Rd6 - Boards 109-172"]
1. d4 c6 2. Nc3 d5 3. Bf4 Nf6 4. Nf3 Nh5 5. Bg5 Bf5 6. e3 h6 7. Bh4 g5 8. Bg3 Nxg3 9. fxg3 Bg7 10. Bd3 Bxd3 11. Qxd3 Nd7 12. O-O O-O 13. e4 dxe4 14. Nxe4 e5 15. Nd6 exd4 16. Nf5 c5 17. Rae1 Re8 18. Rxe8+ Qxe8 19. Re1 Qd8 20. Qc4 Bf8 21. h4 g4 22. Re4 h5 23. Ng5 Qf6 24. Rf4 Ne5 25. Qb3 b6 26. Nxd4 Qg6 27. Nb5 c4 28. Qe3 Bc5 29. Nd4 Re8 30. Qd2 f6 31. Ne4 Nd7 32. Nxc5 Nxc5 33. Nf5 Ne4 34. Qd5+ 1-0

[Event "Reykjavik Open 2025"]
[Site "Reykjavik"]
[Date "2025.04.13"]
[Round "6.114"]
[White "Karlinder, Lovis Neo"]
[Black "Balton, Tim"]
[Result "0-1"]
[WhiteElo "1755"]
[WhiteFideId "34664785"]
[BlackElo "1988"]
[BlackFideId "1478060"]
[Variant "Standard"]
[StudyName "ROpen 2025 - Rd6 - Boards 109-172"]
1. e4 Nc6 2. Nf3 d6 3. d4 Nf6 4. Nc3 g6 5. Bb5 a6 6. Bxc6+ bxc6 7. O-O Bg7 8. h3 O-O 9. Re1 Rb8 10. Rb1 Nd7 11. Be3 Nb6 12. b3 c5 13. Qd2 cxd4 14. Nxd4 Bb7 15. Bh6 e5 16. Nf3 Nd7 17. Bxg7 Kxg7 18. Nd5 Nc5 19. c4 Ne6 20. Re3 f5 21. Qc3 fxe4 22. Rxe4 Bxd5 23. cxd5 Nf4 24. Rd1 Rf7 25. Kh2 Qf6 26. Re3 Rb5 27. Qc4 Rc5 28. Qe4 Qf5 29. Qxf5 gxf5 30. Ng5 Re7 31. Ne6+ Nxe6 32. dxe6 Rxe6 33. Red3 a5 34. Rd5 Rxd5 35. Rxd5 c5 36. Kg3 Kf7 37. f4 Rg6+ 38. Kf3 Ke6 39. Rd2 e4+ 40. Kf2 h5 41. Rc2 Kd5 42. a3 h4 43. Rc3 Kd4 44. Rc1 e3+ 45. Kf1 Ke4 46. Rd1 Kxf4 0-1

[Event "Reykjavik Open 2025"]
[Site "Reykjavik"]
[Date "2025.04.13"]
[Round "6.115"]
[White "Vedant, Nayudu"]
[Black "Gudmundsson, Gunnar Erik"]
[Result "0-1"]
[WhiteElo "1789"]
[WhiteFideId "33369780"]
[BlackElo "2018"]
[BlackFideId "2314339"]
[Variant "Standard"]
[StudyName "ROpen 2025 - Rd6 - Boards 109-172"]
1. e4 c5 2. c3 Nf6 3. e5 Nd5 4. d4 cxd4 5. cxd4 Nc6 6. Nf3 d6 7. Bc4 Nb6 8. Bb5 Bd7 9. exd6 e6 10. Bf4 Nd5 11. Bxc6 Nxf4 12. Bxd7+ Qxd7 13. O-O Bxd6 14. Nc3 O-O 15. Ne5 Qe7 16. Qf3 Ng6 17. Rfe1 Rad8 18. Nxg6 hxg6 19. d5 e5 20. Rad1 Rfe8 21. Qg4 Qd7 22. Qg5 Qf5 23. Qe3 b6 24. Ne4 f6 25. Nxd6 Rxd6 26. Re2 Red8 27. Qa3 Rxd5 28. Qb3 Kh7 29. Rf1 Rd3 30. Qa4 Qd7 31. Qh4+ Kg8 32. Qc4+ Qd5 33. Qa4 a5 34. h3 Rc8 35. Qg4 Rd8 36. Qxg6 Qxa2 37. Rc2 Qf7 38. Qg4 R3d4 39. Qf3 Qd5 40. Qc3 a4 41. Kh2 Qd6 42. Re1 b5 43. g3 Rc4 0-1

[Event "Reykjavik Open 2025"]
[Site "Reykjavik"]
[Date "2025.04.13"]
[Round "6.116"]
[White "Stranger, Morris"]
[Black "Martin, Alix"]
[Result "1-0"]
[WhiteElo "2018"]
[WhiteFideId "426342"]
[BlackElo "1807"]
[BlackFideId "45184186"]
[Variant "Standard"]
[StudyName "ROpen 2025 - Rd6 - Boards 109-172"]
1. d4 d5 2. Bf4 Nf6 3. e3 e6 4. c4 Bb4+ 5. Nc3 O-O 6. Qb3 c5 7. Nf3 Nc6 8. dxc5 Bxc5 9. Be2 dxc4 10. Qxc4 Qe7 11. Bg5 Bb4 12. O-O h6 13. Bh4 Qc5 14. Qxc5 Bxc5 15. Rac1 Be7 16. Nb5 a6 17. Nc7 Ra7 18. Nxa6 Bd7 19. Nc5 Bxc5 20. Rxc5 Rxa2 21. Rb5 Na5 22. Rb6 Nd5 23. Rd6 Bc6 24. Rb1 Nc3 25. bxc3 Rxe2 26. Nd4 Ra2 27. Nxc6 Nxc6 28. h3 Rc2 29. Rxb7 Rc1+ 30. Kh2 Rc8 31. Rdd7 Ne5 32. Re7 R1xc3 33. Bg3 f6 34. Rxg7+ Kf8 35. Bh4 Nc6 36. Rh7 Kg8 37. Rbg7+ Kf8 38. Bxf6 1-0

[Event "Reykjavik Open 2025"]
[Site "Reykjavik"]
[Date "2025.04.13"]
[Round "6.117"]
[White "Tripathi, Pratyush"]
[Black "Osorio Ferrer, Roberto Eduardo"]
[Result "1-0"]
[WhiteElo "2011"]
[WhiteFideId "1763121"]
[BlackElo "1803"]
[BlackFideId "3964612"]
[Variant "Standard"]
[StudyName "ROpen 2025 - Rd6 - Boards 109-172"]
1. Nf3 d5 2. d4 Nf6 3. Bf4 c5 4. e3 Nc6 5. Nbd2 Bf5 6. c3 e6 7. Be2 cxd4 { [%csl Gc3] } 8. exd4 Be7 9. O-O O-O 10. Nh4 Be4 11. f3 Bg6 12. Nxg6 hxg6 13. Re1 Nh5 14. Be3 Bd6 15. Nf1 Nf4 16. Bxf4 Bxf4 17. g3 Bd6 18. f4 g5 19. fxg5 Qxg5 20. Qd2 Qxd2 21. Nxd2 a6 22. a4 Rac8 23. Nf3 Na5 24. Bd3 Nc4 25. Bxc4 Rxc4 26. a5 Re8 27. Kf2 Kf8 28. Re2 Ke7 29. Re3 Rh8 30. Kg2 Rhc8 31. Re2 R4c6 32. Ne1 Rc4 33. Nc2 R4c6 34. Rf1 Bc7 35. Nb4 Rd6 36. Ra1 Kf8 37. Nd3 Bd8 38. Nc5 Rc7 39. Rf1 Kg8 40. b4 Bf6 41. Re3 Rd8 42. Rd1 Re8 43. Rde1 Rce7 44. Kf2 g5 45. Nd3 Kg7 46. Kf3 Rh8 47. R3e2 Rc7 48. Nc5 Re7 49. Kg4 Kg6 50. Kf3 Rhe8 51. Kg2 Kg7 52. Rf1 Kg6 53. Rfe1 Kg7 54. g4 Kg6 55. Kf3 Kg7 56. Ke3 Rh8 57. Kd3 Rh4 58. Rg1 Kg6 59. Kc2 Kg7 60. Rgg2 Kg6 61. Re1 e5 62. dxe5 Bxe5 63. Nxb7 Rh3 64. Rg3 Rxh2+ 65. Kb3 f6 66. Nc5 Bxg3 67. Rxe7 Be5 68. Nd3 1-0

[Event "Reykjavik Open 2025"]
[Site "Reykjavik"]
[Date "2025.04.13"]
[Round "6.118"]
[White "Grigoriev, Dmitriy"]
[Black "Helgadottir, Idunn"]
[Result "0-1"]
[WhiteElo "1997"]
[WhiteFideId "34181676"]
[BlackElo "1788"]
[BlackTitle "WCM"]
[BlackFideId "2314118"]
[Variant "Standard"]
[StudyName "ROpen 2025 - Rd6 - Boards 109-172"]
1. e4 c5 2. b3 Nc6 3. Bb2 e5 4. Bc4 g6 5. f4 d6 6. Nf3 Bg7 7. O-O Nh6 8. h3 O-O 9. fxe5 Nxe5 10. Nxe5 dxe5 11. d3 Qg5 12. Bc1 Qe7 13. Be3 Kh8 14. Nc3 f5 15. Nd5 Qd6 16. Bg5 Ng8 17. Ne3 f4 18. Bxg8 Kxg8 19. Nd5 Rf7 20. Bh4 Be6 21. c4 h6 22. Be1 Raf8 23. h4 Qd7 24. Kf2 Bg4 25. Qc1 Qd8 26. Rh1 h5 27. Bc3 Kh7 28. Qb2 Re8 29. Raf1 g5 30. hxg5 Qxg5 31. Ke1 Ref8 32. Qd2 Bh6 33. b4 Qg7 34. Qb2 f3 35. gxf3 Rxf3 36. Bxe5 Qg5 37. Bf6 Re3+ 38. Kd2 Re2+ 39. Kc3 Bg7 40. Qc1 Qxc1+ 41. Rxc1 cxb4+ 42. Kxb4 Bxf6 43. Rcf1 Bg7 44. Rfg1 Bf3 45. Rh3 Rxa2 46. Ne7 Bd4 47. Rf1 Rb2+ 48. Ka4 Rf6 0-1

[Event "Reykjavik Open 2025"]
[Site "Reykjavik"]
[Date "2025.04.13"]
[Round "6.119"]
[White "Petursson, Gudni"]
[Black "Gilbert, Alistair"]
[Result "1-0"]
[WhiteElo "1987"]
[WhiteFideId "2301725"]
[BlackElo "1797"]
[BlackFideId "343419160"]
[Variant "Standard"]
[StudyName "ROpen 2025 - Rd6 - Boards 109-172"]
1. d4 c5 2. e3 e6 3. Nf3 Nf6 4. c4 cxd4 5. exd4 d5 6. Nc3 Be7 7. Bg5 O-O 8. Bd3 dxc4 9. Bxc4 Nbd7 10. O-O b6 11. Qe2 Bb7 12. Rad1 Bxf3 13. Qxf3 Re8 14. Rfe1 Qc7 15. Bb3 Rad8 16. Nb5 Qb8 17. Bf4 Qa8 18. Qxa8 Rxa8 19. Nc7 Bb4 20. Bd2 Bd6 21. Nxa8 Rxa8 22. h3 b5 23. Rc1 Nb6 24. Rc6 Rd8 25. Ba5 1-0

[Event "Reykjavik Open 2025"]
[Site "Reykjavik"]
[Date "2025.04.13"]
[Round "6.120"]
[White "Skettos, Nicolas"]
[Black "Chompas, Vasileios"]
[Result "1-0"]
[WhiteElo "1983"]
[WhiteFideId "5900670"]
[BlackElo "1711"]
[BlackFideId "42142377"]
[Variant "Standard"]
[StudyName "ROpen 2025 - Rd6 - Boards 109-172"]
1. e4 e5 2. Nf3 Nc6 3. d4 exd4 4. Nxd4 Nf6 5. Nc3 Bb4 6. Nxc6 bxc6 7. Bd3 d5 8. exd5 cxd5 9. O-O O-O 10. h3 h6 11. Qf3 Rb8 12. Bf4 Bd6 13. b3 Bxf4 14. Qxf4 Be6 15. Qd4 Ra8 16. Rfe1 Nd7 17. Nxd5 Nb6 18. Qe4 g6 19. Nxb6 axb6 20. a4 Bf5 21. Qf4 Bxd3 22. Rad1 Kg7 23. Rxd3 Qf6 24. Qxf6+ Kxf6 25. Rd7 Rac8 26. Ree7 c5 27. Rb7 Rc6 28. Kf1 Rd6 29. Ke2 Rfd8 30. Rxf7+ Kg5 31. Kf3 Rd2 32. Rxb6 Rxc2 33. Kg3 Rdd2 34. Rff6 Rd3+ 35. Kh2 Rdd2 36. Rxg6+ Kf5 37. Rxh6 Rxf2 38. Rhf6+ Ke5 39. Rxf2 Rxf2 40. h4 Rb2 41. Kh3 c4 42. Rb5+ Kd4 43. bxc4 Ra2 44. a5 Kxc4 45. Rg5 Kb4 46. h5 Ra3+ 47. Kh2 Rd3 48. h6 Rd6 49. Rh5 Rd8 50. h7 Rh8 51. a6 Kc4 52. a7 1-0

[Event "Reykjavik Open 2025"]
[Site "Reykjavik"]
[Date "2025.04.13"]
[Round "6.121"]
[White "Borne, Milan"]
[Black "Bozilov, Dragan"]
[Result "0-1"]
[WhiteElo "1673"]
[WhiteFideId "652011941"]
[BlackElo "1981"]
[BlackFideId "906620"]
[Variant "Standard"]
[StudyName "ROpen 2025 - Rd6 - Boards 109-172"]
1. d4 Nf6 2. c4 e6 3. Nf3 d5 4. g3 c6 5. Bg2 Nbd7 6. O-O Bd6 7. Nbd2 O-O 8. Qc2 Re8 9. e4 dxe4 10. Ng5 h6 11. Ndxe4 Nxe4 12. Nxe4 Nf6 13. Nxd6 Qxd6 14. Rd1 e5 15. c5 Qc7 16. dxe5 Qxe5 17. Bf4 Qh5 18. Re1 Bh3 19. f3 Bxg2 20. Kxg2 Nd5 21. a3 Nxf4+ 22. gxf4 Qh4 23. Qd2 Rad8 24. Rxe8+ Rxe8 25. Rc1 Re6 26. Kh1 Qe7 27. Rc2 Re3 28. Qf2 f5 29. Kg2 Qe6 30. Kf1 Qb3 31. Re2 Rxf3 32. h4 Rxf2+ 33. Kxf2 Qc4 34. Kf3 Qd5+ 35. Kg3 Qxc5 36. Re5 Qg1+ 37. Kf3 Qd1+ 38. Kg3 Qb3+ 39. Kf2 Qxb2+ 40. Ke1 Qxe5+ 41. fxe5 Kf7 42. Kf2 Ke6 43. h5 Kxe5 44. a4 a5 45. Kf3 b5 46. axb5 cxb5 0-1

[Event "Reykjavik Open 2025"]
[Site "Reykjavik"]
[Date "2025.04.13"]
[Round "6.124"]
[White "Bulva, Maksim"]
[Black "Eedle, Eric F"]
[Result "0-1"]
[WhiteElo "1660"]
[WhiteFideId "54140110"]
[BlackElo "1972"]
[BlackFideId "429627"]
[Variant "Standard"]
[StudyName "ROpen 2025 - Rd6 - Boards 109-172"]
1. e4 c5 2. Nc3 Nc6 3. Bb5 Nd4 4. Nf3 a6 5. Be2 g6 6. O-O Bg7 7. Re1 d6 8. h3 Nf6 9. Bf1 O-O 10. d3 b5 11. Nxd4 cxd4 12. Ne2 Qb6 13. g4 Bb7 14. Bg2 Rac8 15. Ng3 Qc7 16. g5 Nd7 17. Re2 e5 18. f4 exf4 19. Bxf4 f6 20. Qd2 fxg5 21. Bxg5 d5 22. Nh1 dxe4 23. dxe4 Ne5 24. Rf1 Nc4 25. Rxf8+ Rxf8 26. Qc1 Qc5 27. Nf2 Ne5 28. Nd3 Qc4 29. Rf2 Rxf2 30. Nxf2 Qe2 31. Qd1 Qc4 32. Ng4 Nf7 33. Nf6+ Kh8 34. Qf3 Nxg5 0-1

[Event "Reykjavik Open 2025"]
[Site "Reykjavik"]
[Date "2025.04.13"]
[Round "6.127"]
[White "Geirsson, Kristjan"]
[Black "Dauth, Benjamin"]
[Result "0-1"]
[WhiteElo "1830"]
[WhiteFideId "2313596"]
[BlackElo "2228"]
[BlackFideId "4688104"]
[Variant "Standard"]
[StudyName "ROpen 2025 - Rd6 - Boards 109-172"]
1. e4 e5 2. Nf3 Nc6 3. Bb5 a6 4. Ba4 Nf6 5. O-O Be7 6. Re1 b5 7. Bb3 d6 8. c3 Na5 9. Bc2 c5 10. d4 Bg4 11. h3 Bxf3 12. Qxf3 cxd4 13. cxd4 exd4 14. e5 dxe5 15. Rxe5 Rc8 16. Qd1 O-O 17. Bd3 Nc4 18. Re2 Bd6 19. Bg5 Bb8 20. Nd2 h6 21. Bh4 g5 22. Bg3 Nxb2 23. Qb1 Na4 24. Qb4 Rc3 25. Bxb8 Rxd3 26. Bd6 Nd5 27. Qb1 Rxd2 28. Rxd2 Qxd6 29. Rxd4 Qe5 30. Qe4 Qxe4 31. Rxe4 Nac3 32. Re5 b4 33. Rc1 a5 34. Rc2 Kg7 35. Kf1 Kf6 36. Re1 a4 37. Rec1 Re8 38. a3 b3 39. Rxc3 Nxc3 40. Rxc3 b2 41. Rc6+ Re6 0-1

[Event "Reykjavik Open 2025"]
[Site "Reykjavik"]
[Date "2025.04.13"]
[Round "6.128"]
[White "Wildenrath, Dirk"]
[Black "Muzik, Roman"]
[Result "1-0"]
[WhiteElo "2221"]
[WhiteFideId "4683188"]
[BlackElo "1832"]
[BlackFideId "357480"]
[Variant "Standard"]
[StudyName "ROpen 2025 - Rd6 - Boards 109-172"]
1. c4 e5 2. Nc3 Nf6 3. g3 Nc6 4. Bg2 Bc5 5. e3 O-O 6. Nge2 d5 7. Nxd5 Nxd5 8. cxd5 Nb4 9. O-O c6 10. a3 Nxd5 11. b4 Bb6 12. Bb2 Re8 13. Nc3 h5 14. Nxd5 cxd5 15. Qxh5 Qd6 16. f4 e4 17. f5 d4 18. Rae1 a5 19. b5 Re5 20. a4 g6 21. Qh4 Bxf5 22. g4 Be6 23. Kh1 Re8 24. Qg3 Bc4 25. Rf4 Bd3 26. Qf2 R8e7 27. Rf6 R5e6 28. g5 Rxf6 29. gxf6 Re6 30. Rc1 Rxf6 31. Rc8+ Kg7 32. Qh4 g5 33. Qh8+ Kg6 34. Rg8+ Kf5 35. Bh3+ 1-0